000 00488nam a2200157Ia 4500
008 151213s9999 xx 000 0 und d
020 _a0-7450-0202-1
100 _aDavid W. Pearce & R. Kerry Turner
245 _aEconomics of Natural Researches and The Environment
_cDavid W. Pearce & R. Kerry Turner
260 _aNew York
_bStudents Book House
_c1990
300 _a6029 p.
650 _aEconomics
650 _aEconomics
700 _aDavid W. Pearce & R. Kerry Turner
999 _c3456
_d3456